La próxima estación /

La próxima estación narra la historia de los ferrocarriles argentinos, su historia desde 1857 hasta la crisis del sistema de transporte actual. El cierre de ramales de las líneas de ferrocarriles convirtió en ciudades fantasma a los pueblos cuya principal fuente de trabajo era el tren. La privatizac...

Descripción completa

Guardado en:
Autor Principal: Solanas, Fernando
Autor Corporativo: Cine Sur.
Otros Autores: Gandini, Gerardo; Música.
Formato: Deslizar
Publicado: Argentina, 2008
Materias:
Etiquetas: Agregar Etiqueta
Sin Etiquetas, Sea el primero en etiquetar este registro!
LEADER 01835ngm a22003255g 4500
001 CEM.cems023585
008 130507s2008##################0###0#####d
005 20250609173625.0
245 1 0 |a La próxima estación /  |c Fernando Solanas. 
260 |a Argentina,  |c 2008 
300 |a 115'. 
520 |a La próxima estación narra la historia de los ferrocarriles argentinos, su historia desde 1857 hasta la crisis del sistema de transporte actual. El cierre de ramales de las líneas de ferrocarriles convirtió en ciudades fantasma a los pueblos cuya principal fuente de trabajo era el tren. La privatización de las líneas ocasionó el despido de decenas de miles de trabajadores así como el deterioro del servicio público, originando a su vez el aumento del transporte automotor y la multiplicación de accidentes automovilísticos.1 El documental denuncia el saqueo de materiales ferroviarios abandonados, propiedad del Estado, por parte de las corporaciones,2 la falta de inversión por parte de las empresas privadas así como el destino de los subsidios otorgados por el Estado. Como epílogo se propone reconstruir el sistema ferroviario impulsando la industria nacional, la recuperación de puestos de trabajo y la identidad nacional. 
538 |a Soporte: DVD - Color: Si - Grabación DRD 
500 |a Consultar en ventanilla. 
100 1 |a Solanas, Fernando 
700 1 |a Gandini, Gerardo; Música. 
710 2 |a Cine Sur. 
082 3 8 |/ SOL 
653 |a FERROCARRILES 
653 |a TRANSPORTES 
653 |a INFRAESTRUCTURA 
653 |a TRENES 
653 |a RED FERROVIARIA 
653 |a ARGENTINA 
653 |a SOCIEDAD 
653 |a HISTORIA 
653 |a HISTORIA ARGENTINA 
653 |a DOCUMENTAL 
653 |a LARGOMETRAJE 
859 |a CEMS  |b BIB. CEMS - Depto. Recursos Didacticos  |h 385  |i SOL  |k DRD  |p 2228.15  |t Ej.1